000 00569nam a22001817a 4500
008 111012t xxu||||| |||| 00| 0 eng d
020 _a0-88784-186-4
040 _aBUAC
_cCDIRSP
041 _aEn
100 _aHEINTZMAN Andew
_919553
245 _aFeeding the future
_c / Andew HEINTZMAN, Evan SOLOMON
_b : from fat to famine how to solve the world's food crises
260 _aCanada
_bANANSI,
_c2004
300 _a317 p.
650 _aApprovisionnement en nourriture
_919554
653 _aFamine
_aPrévention
700 _aSOLOMON,Evan
_919555
942 _cLIVR
999 _c49784
_d49784